000 00595nam a2200193Ia 4500
008 140626s9999 xx 000 0 und d
100 _aLafferty, Attracta.
245 _aReducing the barriers to relationships and sexuality education for persons with disabilities /
_cAttracta Lafferty... [et al.].
260 _cc2012.
300 _a16 : 1, page 29
440 _aJournal of Intellectual Disabilities
521 _aSPED
650 _aFamily.
650 _aIntellectual disability.
650 _aProfessionals.
650 _aRelationships.
650 _aSex education.
942 _cSE
999 _c120938
_d120938